000 00396nam a22001217a 4500
082 _a621.3192 ORI'E
100 _aO' RILEY, R. P
_962311
245 _aELECTRICAL ENGINEERINGB, BRINGING GROUNDING BACK TO EARTH
260 _aNEWYORK
_bDELMAR
_c1988
300 _a325P
650 _aELECTRIC CURRENTS GROUNDING NATIONAL FIRE PROTECTION ASSOCIATION NATIONAL ELECTRICAL CODE,1987
_962312
942 _cBK
999 _c571455
_d571455